000 00749nam a2200217Ia 4500
005 20231116105105.0
008 210716s2000 xx 000 0 und d
020 _a0130163961
040 _cAIMIT LIBRARY
041 _aeng
082 _a658.84
_21
_bEMED
100 _aEmerick, Donald
_9141654
245 _aExploring web marketing and project management :
_bInteractive Workbook /
_cBy Donald Emerick and Kimberlee Round
250 _a1st ed.
260 _aNew Delhi :
_bPHI Learning Pvt Ltd.,
_c2000.
300 _axxvi,683p. ;
_bPB :
_c23.5 cm.
650 _aMarketing and Communication
_9141655
650 _aExploring Web Marketing and Project Management
_9141656
700 _aRound,Kimberlee
_9141657
942 _2ddc
_cBK
_e1st
_k658.84 EMED
999 _c198200
_d198200